What TTPD song is this lyric from? - Statistics

General Stats
  • This quiz has been taken 308 times
  • The average score is 11 of 15
Answer Stats
Hint Answer % Correct
My husband is cheating, I wanna kill him Fortnight
94%
They said, "Babe, you gotta fake it 'til you make it" and I did I Can Do It With a Broken Heart
93%
You know how to ball, I know Aristotle So High School
91%
Everyone knows that my mother is a saintly woman but she used to say she wished that you were dead thanK you aIMee
84%
You don't get to tell me about sad Who's Afraid of Little Old Me?
84%
This happens once every few lifetimes The Alchemy
81%
If you know it in one glimpse, it's legendary loml
80%
How dare you think it's romantic leaving me safe and stranded Down Bad
78%
Who's gonna hold you like me? The Tortured Poets Department
74%
But as she was leaving, it felt like breathing The Bolter
71%
I got cursed like Eve got bitten The Prophecy
68%
We'll tell no one except all of our friends How Did It End?
59%
Beauty is a beast that roars, down on all fours Clara Bow
58%
I'm lonely, but I'm good. I'm bitter, but I swear I'm fine I Hate It Here
54%
You'll find that you were never not mine imgonnagetyouback
47%
No matching quizzes found
Score Distribution
Percent of People with Each Score
Percentile by Number Answered
Your Score History
You have not taken this quiz